Začiatok novej tradície

Bibliographic Details
Main Author: Bellová, Vlasta, 1954- (Author)
Format: Article
Language:Slovak
Subjects:

MARC

LEADER 00000nab a2200000 a 4500
001 vtls000598671
003 SK-MaSNL
005 20260303205513.0
008 160202c xo 0 slo
015 |a SNBRB19rr/mm-uuuuu 
035 |a CL0598810 
040 |a SNKBUCL  |b slo  |c SNKBUCL  |e AACR2 
041 0 |a slo 
044 |a xo  |c SK 
080 |a 061.25(437.6)  |2 1981 
080 |a 061.61(437.6)  |2 1981 
100 1 |a Bellová, Vlasta,  |d 1954-  |4 aut  |9 235769 
245 1 0 |a Začiatok novej tradície  |c Vlasta Bellová 
650 0 7 |a Matičné dni 1996, Martin  |2 snkbucl  |9 998989 
651 7 |a 5306  |2 snkbucl  |9 893716 
655 7 |a články z novín a časopisov  |2 snkbucl  |9 267496 
773 0 |t Slovenské národné noviny  |g Roč. 7 (11), č. 32 (1996), s. 10  |x 0862-8823 
850 |a Slovenská národná knižnica v Martine  |a MTA001 
852 |a SNK  |b KIS3GCP 
958 |a RK 
958 |a SK 
992 |a RBX 
999 |c 2195708  |d 2197638